Indian Herbs for Touch Therapy Tattooing and Adornments / (Record no. 74247)

MARC details
000 -LEADER
fixed length control field 00692nam a22002057a 4500
005 - DATE AND TIME OF LATEST TRANSACTION
control field 20130613160656.0
010 ## - LCCN (DPL NO)
LC control number B-505287
020 ## - INTERNATIONAL STANDARD BOOK NUMBER
International Standard Book Number 9788170358091
Terms of availability 1500.00
035 ## - SYSTEM CONTROL NUMBER
System control number B-505287
037 ## - SOURCE OF ACQUISITION
Source of stock number/acquisition RBC/Ven
082 ## - DEWEY DECIMAL CLASSIFICATION NUMBER
Classification number 581.630954
100 ## - MAIN ENTRY--PERSONAL NAME
Personal name Sood, S.K.
245 ## - TITLE STATEMENT
Title Indian Herbs for Touch Therapy Tattooing and Adornments /
Statement of responsibility, etc by S.K. Sood...at.al.
260 ## - PUBLICATION, DISTRIBUTION, ETC. (IMPRINT)
Place of publication, distribution, etc New Delhi
Name of publisher, distributor, etc Daya publishing house
Date of publication, distribution, etc c2013
270 ## - ADDRESS
Address 81,Daryaganj
City New Delhi
Postal code 110002
300 ## - PHYSICAL DESCRIPTION
Extent x,316p.
Other physical details col.ill.
Dimensions 26cm (Hb)
500 ## - GENERAL NOTE
General note It include index
942 ## - ADDED ENTRY ELEMENTS (KOHA)
Source of classification or shelving scheme Dewey Decimal Classification
Item type English Books
Call number suffix SOO
Classification part 581.630954
Holdings
Withdrawn status Lost status Not for loan Collection code Home library Current library Date acquired Source of acquisition Cost, normal purchase price Full call number Barcode Copy number Cost, replacement price Koha item type
      Non-fiction Central Library Central Library 13/06/2013 RBC/33742/19.03.2013/178/08.03.2013/20.03.2013 1500.00 581.630954 SOO B-505287 1 1500.00 English Books

© Delhi Public Library
Hit Counter
free hit counter